La sociedad ante el niño
Guardat en:
| Autor principal: | |
|---|---|
| Format: | Llibre |
| Idioma: | espanyol |
| Publicat: |
Buenos Aires
Eudeba
1965
|
| Col·lecció: | Cuaderno de Eudeba, 88
|
| Matèries: | |
| Etiquetes: |
Afegir etiqueta
Sense etiquetes, Sigues el primer a etiquetar aquest registre!
|
MARC
| LEADER | 00000nam a2200000 a 4500 | ||
|---|---|---|---|
| 001 | UCW3197 | ||
| 003 | CL-VaPUC | ||
| 008 | 880518e19650000AG |||||||||||||||||spa|d | ||
| 082 | 0 | 4 | |a 301.054 |b ESC |2 21 |
| 100 | 0 | |a Escardó, Florencio |e author |9 307317 | |
| 245 | 1 | 3 | |a La sociedad ante el niño |
| 300 | |a 43 p | ||
| 942 | |c BK | ||
| 945 | |d 19880518 00:00:00 |a rbrito | ||
| 260 | |a Buenos Aires |b Eudeba |c 1965 | ||
| 650 | 7 | |a NIÑOS ASPECTOS SOCIOLOGICOS |2 CL-VaPUC |9 307318 | |
| 650 | 0 | |a Sociología |9 255410 | |
| 583 | |a last modification |c 19880518 00:00:00 |k Rodrigo Vera | ||
| 490 | 0 | |a Cuaderno de Eudeba, 88 | |
| 999 | |c 217333 |d 217331 | ||
| 952 | |0 0 |1 0 |4 0 |6 301_054000000000000_ESC_1965 |7 0 |8 P |9 204636 |a BIBEDU |b BIBEDU |c BIBEDU_PB |d 2019-11-15 |i 3069001 |o 301.054 ESC 1965 |p 3069001 |r 2024-01-25 |w 2019-11-15 |y BK |k EDU | ||